Statystyki dla Zwycięzcy turniejów ATP w 2021 roku

Kliknij tutaj aby rozwiązać quiz!

Ogólne statystyki

  • Ten quiz został rozwiązany 295 razy
  • Średni wynik to 41 z 63

Statystyki odpowiedzi

Nazwa turniejuMiastoZwycięzca% Poprawnych
Paris MastersParyżNovak Djoković
100%
Australian OpenMelbourneNovak Djoković
100%
WimbledonLondynNovak Djoković
100%
French OpenParyżNovak Djoković
100%
Belgrade OpenBelgradNovak Djoković
100%
Internazionali d’ItaliaRzymRafael Nadal
98%
Barcelona OpenBarcelonaRafael Nadal
98%
Miami OpenMiamiHubert Hurkacz
96%
Delray Beach OpenDelray BeachHubert Hurkacz
92%
Moselle OpenMetzHubert Hurkacz
92%
Vienna OpenWiedeńAlexander Zverev
89%
Cincinnati MastersCincinnatiAlexander Zverev
89%
Letnie Igrzyska Olimpijskie 2020TokioAlexander Zverev
89%
Mutua Madrid OpenMadrytAlexander Zverev
89%
ATP FinalsTurynAlexander Zverev
89%
Abierto Mexicano TelcelAcapulcoAlexander Zverev
89%
Open 13MarsyliaDaniil Medvedev
88%
Mallorca ChampionshipsMajorkaDaniil Medvedev
88%
Canadian OpenTorontoDaniil Medvedev
88%
US OpenNowy JorkDaniil Medvedev
88%
Monte Carlo MastersMonte CarloStefanos Tsitsipas
82%
Lyon OpenLyonStefanos Tsitsipas
82%
Sofia OpenSofiaJannik Sinner
80%
Washington OpenWaszyngtonJannik Sinner
80%
Great Ocean Road OpenMelbourneJannik Sinner
80%
European CupAntwerpiaJannik Sinner
80%
Croatia Open UmagUmagCarlos Alcaraz
75%
Next Generation ATP FinalsMediolanCarlos Alcaraz
75%
Rotterdam OpenRotterdamAndrey Rublev
73%
San Diego OpenSan DiegoCasper Ruud
68%
Swiss Open GstaadGstaadCasper Ruud
68%
Austria OpenKitzbühelCasper Ruud
68%
Swedish OpenBåstadCasper Ruud
68%
Geneva OpenGenewaCasper Ruud
68%
Queen’s Club ChampionshipsLondynMatteo Berrettini
65%
Serbia OpenBelgradMatteo Berrettini
65%
Los Cabos OpenLos CabosCameron Norrie
59%
BNP Paribas OpenIndian WellsCameron Norrie
59%
Atlanta OpenAtlantaJohn Isner
59%
Kremlin CupMoskwaAslan Karatsev
55%
Dubai Tennis ChampionshipsDubajAslan Karatsev
55%
Argentina OpenBuenos AiresDiego Schwartzman
52%
MercedesCupStuttgartMarin Čilić
52%
St. Petersburg OpenSankt PetersburgMarin Čilić
52%
Andalucia OpenMarbellaPablo Carreño-Busta
48%
Hamburg European OpenHamburgPablo Carreño-Busta
48%
Eastbourne InternationalEastbourneAlex de Minaur
44%
Antalya OpenAntalyaAlex de Minaur
44%
Qatar ExxonMobil OpenDohaNikoloz Basilashvili
43%
BMW OpenMonachiumNikoloz Basilashvili
43%
Chile OpenSantiagoCristian Garin
42%
Murray River OpenMelbourneDaniel Evans
38%
Sardegna OpenCagliariLorenzo Sonego
38%
Halle OpenHalleUgo Humbert
32%
Emilia-Romagna OpenParmaSebastian Korda
28%
Stockholm OpenSztokholmTommy Paul
28%
Estoril OpenEstorilAlbert Ramos-Viñolas
25%
Open Sud de FranceMontpellierDavid Goffin
24%
Winston-Salem OpenWinston-SalemIlya Ivashka
21%
Córdoba OpenCórdobaJuan Manuel Cerúndolo
21%
Astana OpenNur-SułtanKwon Soon-woo
19%
Singapore Tennis OpenSingapurAlexei Popyrin
17%
Hall of Fame OpenNewportKevin Anderson
15%

Rozkład punktacji

Percentyl według liczby udzielonych odpowiedzi

Procent ludzi z każdym wynikiem

Twoja historia wyników

Nie rozwiązałeś tego quizu